Giáo trình phương trình đạo hàm riêng

Zapisane w:
Opis bibliograficzny
1. autor: Nguyễn Thừa Hợp
Format: Książka
Etykiety: Dodaj etykietę
Nie ma etykietki, Dołącz pierwszą etykiete!
Thư viện lưu trữ: Mạng thư viện Đại học Đà Nẵng
LEADER 00631nam a2200205 4500
001 000008037
003 4218
005 20150812140854.0
008 111013s sd
100 0 |a Nguyễn Thừa Hợp 
245 0 0 |a Giáo trình phương trình đạo hàm riêng  |c Nguyễn Thừa Hợp 
774 |a Nguyễn Thừa Hợp  |d Đại học và trung học chuyên nghiệp  |d H.  |d 1976  |g T.2  |h 406tr.  |w 4228 
OWN |a LSP 
999 |a From the UDN01 
TYP |a Monograph 
TYP |a Printed language 
980 |a Mạng thư viện Đại học Đà Nẵng